Novelas ejemplares / (Registro nro. 10544)

Detalles MARC
000 -LIDER
fixed length control field 00793nam a22002657a 4500
001 - NÚMERO DE CONTROL
Identificador de número de control 000309
003 - IDENTIFICACDOR DE NÚMERO DE CONTROL
control field DO-SdBNP
005 - DATE AND TIME OF LATEST TRANSACTION
control field 20230518132902.0
007 - CAMPOS FIJOS DE DESCRIPCIÓN FÍSICA
fixed length control field 000309
008 - ELEMENTOS DE LONGITUD FIJA
fixed length control field 160623b 2008 sp | 00| 0 spa d
020 ## - ISBN
International Standard Book Number 9788466322355
040 ## - FUENTE DE CATALOGACIÓN
Agencia que crea de manera original el registro BPMSU
Idioma de catalogación spa
Agencia que realiza la transcripción BPMSU
082 #4 - NÚMERO DE CLASIFICACIÓN DECIMAL DE DEWEY
Classification number 863.3
Item number C419n 2008
Edition number 22
100 1# - ASIENTO PRINCIPAL -- NOMBRE PERSONAL
Nombre personal Cervantes Saavedra, Miguel de,
Fechas asociadas con el nombre 1547-1616.
9 (RLIN) 35
245 10 - MENCIÓN DE TITULO
Título Novelas ejemplares /
Mención de responsabilidad Miguel de Cervantes.
260 ## - PUBLICACIÓN, DISTRIBUCIÓN, ETC. (PIE DE IMPRENTA)
Lugar de publicación, distribución, etc Madrid :
Nombre del editor, distribuidor, etc. Punto de Lectura,
Fecha de publicación, distribución, etc 2008.
300 ## - DESCRIPCIÓN FÍSICA
Extensión 647 p. ;
Dimensiones 19 cm.
490 0# - MENCIÓN DE SERIES
Mención de serie Clásicos,
Volume/sequential designation 11
500 ## - NOTA GENERAL
Materiales especificados Incluye datos biográficos del autor en la contracubierta
590 ## - NOTA LOCAL
Texto de la nota local Inventariado, 2023/VM
650 #4 - ENCABEZAMIENTO DE MATERIA--TEMÁTICO
Término temático o nombre geográfico como elemento de entrada Novela española
830 #0 - ASIENTO SECUNDARIO DE SERIE--TÍTULO UNIFORME
Nombre de la parte o sección de una obra Clásicos ;
Número de la parte o sección de una obra 11
910 ## - VALIDACIÓN
Validación LOPEREZ/ VMateo V. Control de calidad (BPMSU)
942 ## - ADDED ENTRY ELEMENTS (KOHA)
Source of classification or shelving scheme Dewey Decimal Classification
Koha item type Libros
Existencias
Withdrawn status Lost status Source of classification or shelving scheme Damaged status Not for loan Collection code Home library Current library Date acquired Source of acquisition Full call number Barcode Date last seen Price effective from Koha item type Copy number
    Dewey Decimal Classification     Colección Juvenil General Biblioteca Pública Metropolitana Salomé Ureña Biblioteca Pública Metropolitana Salomé Ureña 06/23/2016 ALFAGUARA BPMSU CG 863.3 C419n 2008 BPMSU16060444 06/23/2016 06/23/2016 Libros  
    Dewey Decimal Classification     Colección Juvenil General Biblioteca Pública Metropolitana Salomé Ureña Biblioteca Pública Metropolitana Salomé Ureña 06/23/2016 ALFAGUARA BPMSU CG 863.3 C419n 2008 BPMSU16060445 06/23/2016 06/23/2016 Libros e.3
    Dewey Decimal Classification     Colección Juvenil General Biblioteca Pública Metropolitana Salomé Ureña Biblioteca Pública Metropolitana Salomé Ureña 06/23/2016 ALFAGUARA BPMSU CG 863.3 C419n 2008 BPMSU16060446 06/23/2016 06/23/2016 Libros e.2